Loading...
| History - World | 0 | 7 | 0 | 0 | 70 | 36 | 56.00 | 1 | 3 | 0.00 | 0.00 |
| Science - Physics | 0 | 7 | 0 | 2 | 70 | 24 | 48.29 | 2 | 6 | 0.00 | 0.00 |
| Mythology | 0 | 7 | 3 | 1 | 55 | 55 | 80.71 | 0 | 3 | 0.00 | 0.00 |
| Science - Other | 0 | 6 | 2 | 0 | 50 | 11 | 29.33 | 6 | 6 | 0.00 | 0.00 |
| History - European | 0 | 6 | 2 | 0 | 50 | 17 | 49.50 | 1 | 2 | 0.00 | 0.00 |
| History - Other | 0 | 6 | 3 | 0 | 45 | 39 | 55.50 | 1 | 4 | 0.00 | 0.00 |
| Philosophy | 0 | 4 | 0 | 0 | 40 | 40 | 54.50 | 1 | 2 | 0.00 | 0.00 |
| Geography | 0 | 4 | 0 | 0 | 40 | 34 | 57.50 | 0 | 1 | 0.00 | 0.00 |
| History - American | 0 | 4 | 2 | 1 | 30 | 34 | 54.75 | 1 | 3 | 0.00 | 0.00 |
| Literature - European | 0 | 3 | 0 | 0 | 30 | 106 | 110.00 | 0 | 0 | 0.00 | 0.00 |
| Literature - World | 0 | 3 | 1 | 0 | 25 | 74 | 82.67 | 0 | 3 | 0.00 | 0.00 |
| Religion | 0 | 3 | 1 | 0 | 25 | 28 | 49.33 | 0 | 3 | 0.00 | 0.00 |
| Literature - British | 0 | 2 | 0 | 0 | 20 | 45 | 46.00 | 1 | 2 | 0.00 | 0.00 |
| Fine Arts - Classical Music | 0 | 2 | 0 | 0 | 20 | 97 | 97.50 | 0 | 1 | 0.00 | 0.00 |
| Social Science | 0 | 2 | 1 | 0 | 15 | 24 | 51.00 | 1 | 2 | 0.00 | 0.00 |
| Popular Culture | 0 | 1 | 0 | 0 | 10 | 38 | 38.00 | 1 | 1 | 0.00 | 0.00 |
| Literature - American | 0 | 1 | 0 | 0 | 10 | 90 | 90.00 | 0 | 0 | 0.00 | 0.00 |
| Science - Chemistry | 0 | 0 | 0 | 0 | 0 | 0.00 | 0 | 0 | 0.00 | 0.00 | |
| Fine Arts - Other | 0 | 0 | 0 | 0 | 0 | 0.00 | 0 | 0 | 0.00 | 0.00 | |
| Science - Biology | 0 | 0 | 1 | 0 | -5 | 0.00 | 0 | 0 | 0.00 | 0.00 | |
| Current Events | 0 | 0 | 1 | 0 | -5 | 0.00 | 0 | 0 | 0.00 | 0.00 |